| 000 | 01215cam a22002413a 4500 | ||
|---|---|---|---|
| 001 | 5406 | ||
| 003 | PGUSA | ||
| 005 | 20140828083119.0 | ||
| 008 | 040401s2004||||xxu|||||s|||||000 | eng d | ||
| 040 |
_aPGUSA _beng |
||
| 042 | _adc | ||
| 050 | 4 | _aDA | |
| 100 | 1 |
_aHudson, W. H. _q(William Henry), _d1841-1922 |
|
| 245 | 1 | 0 |
_aAfoot in England _h[electronic resource] / _cW. H. Hudson |
| 260 |
_bProject Gutenberg, _c2004 |
||
| 505 | 0 | _aGuide-books: an introduction -- On going back -- Walking and cycling -- Seeking a shelter -- Wind, wave, and spirit -- By Swallowfield -- Roman Calleva -- A gold day at Silchester -- Rural rides -- The last of his name -- Salisbury and its doves -- Whitesheet Hill -- Bath and Wells revisited -- The return of the native -- Summer days on the Otter -- In praise of the cow -- An old road leading nowhere -- Branscombe -- Abbotsbury -- Salisbury revisited -- Stonehenge -- The village and "The Stones" -- Following a river -- Troston -- My friend Jack. | |
| 506 | _aPublic domain in the USA. | ||
| 516 | _aElectronic text | ||
| 653 | _aEngland -- Description and travel | ||
| 830 | 0 |
_aProject Gutenberg _v5406 |
|
| 856 | 4 | 0 | _uhttp://www.gutenberg.org/ebooks/5406 |
| 942 | _cEB | ||
| 999 |
_c234735 _d234735 |
||